000 00301nam a22001337a 4500
008 210224b ||||| |||| 00| 0 eng d
020 _a9780781781781572
041 _aeng
080 _26th
_a610.73
100 _a1
101 _aINF
245 _aFundamentals of Nursing
_cTaylor,C
942 _2udc
_cBK
999 _c55150
_d55150